Manažment výkonnosti priemyselného podniku

Enregistré dans:
Détails bibliographiques
Auteur principal: Nitriansky, Marián (Auteur)
Autres auteurs: Bondareva, Irina, 1952- (Directeur de thèse)
Format: Manuscrit Livre
Langue:slovaque
Publié: 2015
Sujets:
Accès en ligne:http://is.stuba.sk/zp/portal_zp.pl?podrobnosti=113213
Tags: Ajouter un tag
Pas de tags, Soyez le premier à ajouter un tag!

MARC

LEADER 00000ntm a22000003a 4500
001 stuzp52594
003 SK-STU
005 20160719154224.4
007 ta
008 150427s2015----xo-----f-mn---000-0-slo-d
040 |a STU  |b slo 
041 0 |a slo 
100 1 |a Nitriansky, Marián  |u 902024  |4 aut  |U Ústav manažmentu STU  |T ÚM - Oddelenie manažmentu chemických a potravinárskych technológií  |X 58720  |U R2024  |Y 408  |7 58720 
242 0 1 |a Performance Management of Industrial Company  |y eng 
245 1 0 |a Manažment výkonnosti priemyselného podniku 
260 |c 2015 
650 4 |a výkonnosť  |2 slo 
650 4 |a finančná analýza  |2 slo 
650 4 |a pyramídový rozklad  |2 slo 
650 4 |a performance  |2 eng 
650 4 |a financial analysis  |2 eng 
650 4 |a pyramidal decomposition  |2 eng 
700 1 |a Bondareva, Irina,  |d 1952-  |4 ths  |X 52327  |7 52327 
856 4 |u http://is.stuba.sk/zp/portal_zp.pl?podrobnosti=113213 
SQL |a stuzp52594  |b DDP  |c SLO  |d Manažment výkonnosti priemyselného podniku  |e 58720  |f Nitriansky, Marián  |g 902024  |h 52327  |i Bondareva, Irina  |j 20150609  |k 761  |l 04  |m http://is.stuba.sk/zp/portal_zp.pl?podrobnosti=113213  |n I-RTP  |o 5.2.18. chemické technológie